000 01183nam a2200229Ia 4500
001 L241-13896
003 IT-CnALBA
008 170116s9999||||xx |||||||||||||| ||und||
040 _aIT-CnALBA
_cIT-CnALBA
041 _aITALIANO
100 _aLAURENTIN RENÈ
245 0 _aNASCITA DELL'AMERICA LATINA.
250 _a1a ed.
260 _aCINISELLO BALSAMO (MI)
_bEDIZIONI PAOLINE
_c1970 [1° Ed.: n.d.]
300 _a334 p. (prefazione: 7)
500 _aTRADUZIONE DAL FRANCESE DI E. MASCI KIESLER. GUERNAVACA (MESSICO). GUATEMALA. CAMILO TORRES. ECUADOR. ARGENTINA. BRASILE. DOCUMENTI: LETTERE A PAOLO VI. SINDACALISTI. PRIGIONIERI POLITICI COLOMBIANI. ASSEMBLEA DI MEDELLIN. CONCLUSIONI DELL'ASSEMBLEA (ESTR
501 _aSocietà San Paolo EM - Piazza San Paolo, 14 - 12051 ALBA (CN) (non commercial uses only) ® Copyright 2017
520 _aTRADUZIONE DAL FRANCESE DI E. MASCI KIESLER. GUERNAVACA (MESSICO). GUATEMALA. CAMILO TORRES. ECUADOR. ARGENTINA. BRASILE. DOCUMENTI: LETTERE A PAOLO VI. SINDACALISTI. PRIGIONIERI POLITICI COLOMBIANI. ASSEMBLEA DI MEDELLIN. CONCLUSIONI DELL'ASSEMBLEA (ESTR
650 _aMORALE CATTOLICA
942 _cBK
957 _71
999 _a18648
_bNO
_g Copie: 1
_c273071
_d273071